| 000 | 00583nam a2200181 4500 | ||
|---|---|---|---|
| 001 | 131706 | ||
| 003 | ES-MaACL | ||
| 005 | 20230906194030.0 | ||
| 007 | t| | ||
| 008 | 070214s1960 sp r ||||1| spa d | ||
| 100 | 1 |
_aRoe, Harry Burgess. _998890 |
|
| 245 | 1 | 0 |
_aDrenajes agrícolas para ingenieros / _cHarry Burgess Roe, Quincy Claude Ayres ; traducción de Mateo Sust. |
| 260 |
_aBarcelona : _bOmega, _c1960. |
||
| 300 |
_a546 p., 1 lám. : _bil. ; _c22 cm. |
||
| 700 | 1 |
_aAyres, Quincy Claude. _924192 |
|
| 700 | 1 |
_aSust, Mateo. _9108864 |
|
| 852 |
_aES-MaACL _jC-19652 _bR.47512 |
||
| 999 |
_c131706 _d131706 |
||